000 00426nam a2200181Ia 4500
001 22808
005 20260414150855.0
008 260414t2011||||xx |||||||||||||| ||spa||
041 _aESP
082 _a624.101
_bH439
100 _aHeyman, Jacques
_eAUT
245 0 _aTeoría básica de estructuras
_b
260 _c2011
300 _a150 páginas :
_c24 cm.
650 _a0
654 _aCIC
942 _cLIB
_dJUS
_fJUS
_2ddc
_n
999 _c22808
_d22808